Personnages Disney sans voyelles #1 - Statistiques

Statistiques générales
  • Ce quiz a été pris 1 023 fois
    1 003 depuis la dernière actualisation
  • Le résultat moyen est 18 sur 20
Statistiques - réponses
Indices Réponses % Correct
BLNCH-NG Blanche-Neige
100%
CNDRLLN Cendrillon
99%
BMB Bambi
98%
CLCHTT Clochette
98%
MRLN Merlin
98%
PNCCH Pinocchio
98%
RPNC Raiponce
97%
HRCL Hercule
96%
MWGL Mowgli
95%
GSTN Gaston
93%
DCHSS Duchesse
92%
SMB Simba
92%
QSMD Quasimodo
91%
KRSTFF Kristoff
90%
MCK Mickey
90%
PCHNTS Pocahontas
86%
MLFQ Maléfique
83%
LDDN Aladdin
82%
PLCHN Polochon
79%
BRN MDRGL Bruno Madrigal
46%
Aucun quiz correspondant
Distribution des résultats
% des personnes avec chaque résultat
Percentile par nombre de réponses
Votre historique - résultats
Vous n’avez pas pris ce quiz depuis la dernière actualisation